000 00226nam a22000977a 4500
999 _c261879
_d261878
020 _a0394829115
100 _aLeo Lionni
245 _aAlexander And The Wind-Up Mouse
260 _aNew York
_bDragonfly Books
_c1969
942 _cBK